| 000 | 00518nam a2200181 i 4500 | ||
|---|---|---|---|
| 001 | 78641 | ||
| 003 | ES-MaACL | ||
| 005 | 20230906173754.0 | ||
| 007 | t| | ||
| 008 | 041015s1969 sp ||||1| spa d | ||
| 100 | 1 |
_aHavard-Duclos, Bernard. _962143 |
|
| 245 | 1 | 4 |
_aLas plantas forrajeras tropicales / _cpor Bernard Havard-Duclos. |
| 250 | _a[1ยช ed.]. | ||
| 260 |
_aBarcelona : _bBlume, _c[1969] |
||
| 300 |
_a380 p. : _bil. ; _c25 cm. |
||
| 700 | 1 |
_aRipoll, Vicente. _997433 |
|
| 852 |
_aES-MaACL _jC-42354 _bR.69923 |
||
| 999 |
_c78641 _d78641 |
||